000 00457nam a2200133Ia 4500
005 20260328104253.0
008 260328s9999||||xx |||||||||||||| ||und||
100 _aVázquez Malagón, Emma del Carmen
245 0 _aMateriales Cerámicos :
_b Propiedades, aplicaciones y elaboración /
_cEmma del Carmen Vázquez Malagón
260 _bCentro de Investigaciones de Diseño Industrial (CIDI)
300 _a132 p.
650 _aDISEÑO INDUSTRIAL
942 _cBK
999 _c10337
_d10337